Rick and Morty Episode Titles - Statistics

General Stats
  • This quiz has been taken 126 times
    64 since last reset
  • The average score is 14 of 71
Answer Stats
Hint Answer % Correct
101 Pilot
89%
103 Anatomy Park
43%
102 Lawnmower Dog
43%
303 Pickle Rick
40%
201 A Rickle in Time
36%
204 Total Rickall
36%
301 The Rickshank Rickdemption
30%
205 Get Schwifty
28%
105 Meeseeks and Destroy
28%
308 Morty's Mind Blowers
28%
107 Raising Gazorpazorp
28%
108 Rixty Minutes
28%
309 The ABCs of Beth
28%
210 The Wedding Squanchers
28%
110 Close Rick-counters of the Rick Kind
26%
104 M. Night Shaym-Aliens!
26%
202 Mortynight Run
26%
601 Solaricks
26%
203 Auto Erotic Assimilation
23%
306 Rest and Ricklaxation
23%
106 Rick Potion #9
23%
402 The Old Man and the Seat
23%
310 The Rickchurian Mortydate
23%
307 The Ricklantis Mixup
23%
206 The Ricks Must Be Crazy
23%
408 The Vat of Acid Episode
23%
305 The Whirly Dirly Conspiracy
23%
209 Look Who's Purging Now
21%
406 Never Ricking Morty
21%
109 Something Ricked This Way Comes
21%
401 Edge of Tomorty: Rick Die Rickpeat
19%
710 Fear No Mort
19%
501 Mort Dinner Rick Andre
19%
403 One Crew over the Crewcoo's Morty
19%
407 Promortyus
19%
302 Rickmancing the Stone
19%
510 Rickmurai Jack
19%
410 Star Mort Rickturn of the Jerri
19%
608 Analyze Piss
17%
207 Big Trouble in Little Sanchez
17%
208 Interdimensional Cable 2: Tempting Fate
17%
502 Mortyplicity
17%
405 Rattlestar Ricklactica
17%
704 That's Amorte
17%
304 Vindicators 3: The Return of Worldender
17%
404 Claw and Hoarder: Special Ricktim's Morty
15%
602 Rick: A Mort Well Lived
15%
504 Rickdependence Spray
15%
111 Ricksy Business
15%
703 Air Force Wong
13%
409 Childrick of Mort
13%
701 How Poopy Got His Poop Back
13%
606 Juricksic Mort
13%
505 Amortycan Grickfitti
11%
503 A Rickconvenient Mort
11%
603 Bethic Twinstinct
11%
605 Final DeSmithation
11%
709 Mort: Ragnarick
11%
604 Night Family
11%
506 Rick and Morty's Thanksploitation Spectacular
11%
508 Rickternal Friendshine of the Spotless Mort
11%
705 Unmortricken
11%
509 Forgetting Sarick Mortshall
9%
607 Full Meta Jackrick
9%
507 Gotron Jerrysis Rickvangelion
9%
706 Rickfending Your Mort
9%
702 The Jerrick Trap
9%
609 A Rick in King Mortur's Mort
4%
610 Ricktional Mortpoon's Rickmas Mortcation
4%
707 Wet Kuat Amortican Summer
4%
708 Rise of the Numbericons: The Movie
2%
No matching quizzes found
Score Distribution
Percent of People with Each Score
Percentile by Number Answered
Your Score History
You have not taken this quiz since the last reset